[Event "HEM 2006 B"]
[Site "Marburg"]
[Date "2006.04.13"]
[Round "4.36"]
[White "Fritsche, Rainer"]
[Black "Ketterling, Bianca"]
[Result "1/2-1/2"]
[WhiteElo "1315"]
[BlackElo "1379"]
[PlyCount "98"]
[EventDate "2006.04.12"]
[EventType "swiss"]
[EventCountry "GER"]

1. d4 d5 2. Nf3 Nf6 3. c4 Bg4 4. e3 e6 5. a3 c5 6. Nc3 Nc6 7. Be2 Be7 8. O-O
O-O 9. Re1 cxd4 10. exd4 dxc4 11. Be3 a6 12. Bxc4 Qc7 13. Be2 Rfd8 14. h3 Bf5
15. Qc1 Rd7 16. Rd1 Rad8 17. Nh4 Nxd4 18. Rxd4 Rxd4 19. Bxd4 Rxd4 20. Nxf5 exf5
21. Bf3 Ne4 22. Bxe4 fxe4 23. Ne2 Qxc1+ 24. Rxc1 Rd8 25. Nc3 f5 26. Kf1 Bg5 27.
Rd1 Rxd1+ 28. Nxd1 Kf7 29. a4 b5 30. axb5 axb5 31. Ke2 Ke6 32. b3 Kd5 33. f3
Kc5 34. fxe4 fxe4 35. Nc3 e3 36. Ne4+ Kb4 37. Nxg5 Kxb3 38. Kxe3 Kc3 39. Ne4+
Kc2 40. Nc5 b4 41. g4 g5 42. Ke4 Kd2 43. Kf5 Ke3 44. Kxg5 Kd4 45. Na4 b3 46.
Kh6 Kc4 47. Kxh7 Kb4 48. Nb2 Kc3 49. Na4+ Kb4 1/2-1/2

[Event "HEM 2006 B"]
[Site "Marburg"]
[Date "2006.04.13"]
[Round "4.37"]
[White "Edelmann, Patrick"]
[Black "Mook, Karl-Jürgen"]
[Result "1-0"]
[WhiteElo "798"]
[BlackElo "1325"]
[PlyCount "61"]
[EventDate "2006.04.12"]
[EventType "swiss"]
[EventCountry "GER"]

1. e4 d5 2. exd5 Qxd5 3. Nc3 Qd6 4. Nf3 Nf6 5. g3 a6 6. d3 b5 7. Bg2 Bb7 8. Bf4
Qb6 9. O-O e6 10. Re1 Be7 11. a4 b4 12. a5 Qc6 13. Ne2 Bc5 14. Nh4 Bxf2+ 15.
Kxf2 Nd5 16. c4 bxc3 17. Nxc3 O-O 18. Qg4 Nf6 19. Qe2 Nd5 20. Nxd5 exd5 21.
Rec1 Qf6 22. Rxc7 Bc6 23. Kg1 Re8 24. Qg4 Qxb2 25. Rf1 Qd4+ 26. Kh1 Qxd3 27.
Bh6 g6 28. Rcxf7 Nd7 29. Rxd7 Re4 30. Rg7+ Kh8 31. Rxh7+ 1-0

[Event "HEM 2006 B"]
[Site "Marburg"]
[Date "2006.04.13"]
[Round "5.1"]
[White "Stein, Marco"]
[Black "Lüchtemeier, Peter"]
[Result "1/2-1/2"]
[WhiteElo "2108"]
[BlackElo "2268"]
[PlyCount "35"]
[EventDate "2006.04.12"]
[EventType "swiss"]
[EventCountry "GER"]

1. d4 d5 2. c4 c6 3. Nf3 Nf6 4. Nc3 a6 5. e3 b5 6. b3 Bg4 7. h3 Bxf3 8. Qxf3 e6
9. Qd1 Bb4 10. Bd2 O-O 11. a3 Bxc3 12. Bxc3 Ne4 13. Bb4 c5 14. Bxc5 Nxc5 15.
dxc5 bxc4 16. bxc4 Qa5+ 17. Qd2 Qxc5 18. cxd5 1/2-1/2

[Event "HEM 2006 B"]
[Site "Marburg"]
[Date "2006.04.13"]
[Round "5.2"]
[White "Hillgaertner, Walter"]
[Black "Garbe, Ralf"]
[Result "0-1"]
[WhiteElo "2055"]
[BlackElo "2169"]
[PlyCount "64"]
[EventDate "2006.04.12"]
[EventType "swiss"]
[EventCountry "GER"]

1. Nf3 Nf6 2. c4 g6 3. b4 Bg7 4. Bb2 O-O 5. g3 c6 6. Qb3 a5 7. a3 axb4 8. axb4
Rxa1 9. Bxa1 d5 10. d3 Na6 11. c5 b6 12. d4 Ne4 13. Bb2 Bf5 14. Nbd2 bxc5 15.
dxc5 Bxb2 16. Qxb2 Qb8 17. Bg2 Qxb4 18. Qxb4 Nxb4 19. Nxe4 Bxe4 20. O-O Bxf3
21. Bxf3 e5 22. Ra1 e4 23. Bg2 Rb8 24. Rb1 Kf8 25. e3 Na6 26. Rxb8+ Nxb8 27. f3
f5 28. fxe4 fxe4 29. Bh3 Ke7 30. Bc8 Kd8 31. Be6 Na6 32. g4 g5 0-1

[Event "HEM 2006 B"]
[Site "Marburg"]
[Date "2006.04.13"]
[Round "5.3"]
[White "Funk, Volker"]
[Black "Kartmann, Juergen"]
[Result "1/2-1/2"]
[WhiteElo "2219"]
[BlackElo "2054"]
[PlyCount "42"]
[EventDate "2006.04.12"]
[EventType "swiss"]
[EventCountry "GER"]

1. b3 d5 2. Bb2 Bg4 3. g3 c5 4. Bg2 Nc6 5. Nf3 e6 6. O-O Nf6 7. d4 Be7 8. Nbd2
O-O 9. c4 Qb6 10. dxc5 Qxc5 11. cxd5 exd5 12. Rc1 Qd6 13. Nd4 Rac8 14. h3 Be6
15. Nxc6 Rxc6 16. Rxc6 Qxc6 17. Qb1 Qd7 18. Kh2 Bf5 19. Qa1 Rc8 20. Rc1 Rxc1
21. Qxc1 Qc6 1/2-1/2

[Event "HEM 2006 B"]
[Site "Marburg"]
[Date "2006.04.13"]
[Round "5.4"]
[White "Stockmann, Michael"]
[Black "Ritscher, Georg"]
[Result "1-0"]
[WhiteElo "2269"]
[BlackElo "2034"]
[PlyCount "65"]
[EventDate "2006.04.12"]
[EventType "swiss"]
[EventCountry "GER"]

1. d4 d5 2. c4 c6 3. Nc3 Nf6 4. Nf3 e6 5. g3 Bd6 6. Bg2 O-O 7. O-O Re8 8. Nd2
e5 9. dxe5 Bxe5 10. cxd5 Bxc3 11. dxc6 Bxd2 12. cxb7 Bxb7 13. Bxb7 Bxc1 14.
Qxd8 Rxd8 15. Raxc1 Nbd7 16. Bxa8 Rxa8 17. Rc7 Kf8 18. e4 Nb6 19. f3 Ne8 20.
Rc2 Rd8 21. Kf2 Ke7 22. Ke2 f6 23. b3 Nd6 24. Rd1 Nb5 25. Rxd8 Kxd8 26. Kd3 Kd7
27. f4 a6 28. g4 Kd6 29. h4 Nc7 30. g5 Nd7 31. Rg2 Ke6 32. gxf6 Kxf6 33. Rc2
1-0

[Event "HEM 2006 B"]
[Site "Marburg"]
[Date "2006.04.13"]
[Round "5.5"]
[White "Marth, Jürgen"]
[Black "Mittendorf, Frank"]
[Result "1-0"]
[WhiteElo "2044"]
[BlackElo "2196"]
[PlyCount "61"]
[EventDate "2006.04.12"]
[EventType "swiss"]
[EventCountry "GER"]

1. d4 d5 2. c4 c6 3. Nc3 Nf6 4. Nf3 e6 5. Qb3 Nbd7 6. Bf4 dxc4 7. Qxc4 Nd5 8.
Bg3 N7f6 9. e3 Qa5 10. Be2 Bb4 11. O-O Bxc3 12. bxc3 Qxc3 13. Rfc1 Qxc4 14.
Rxc4 Ne4 15. Bh4 h6 16. Bd3 Ndf6 17. Ne5 g5 18. Bg3 Nxg3 19. hxg3 Nd7 20. Nf3
Nb6 21. Rcc1 Nd5 22. Rab1 Ne7 23. Ne5 f6 24. Nc4 O-O 25. Nd6 b5 26. Be4 Bd7 27.
Nb7 Rac8 28. Nc5 Rfd8 29. a4 f5 30. Bf3 Kf7 31. Nb7 1-0

[Event "HEM 2006 B"]
[Site "Marburg"]
[Date "2006.04.13"]
[Round "5.7"]
[White "Radtke, Thoralf"]
[Black "Klettke, Wolfgang"]
[Result "0-1"]
[WhiteElo "1646"]
[BlackElo "2104"]
[PlyCount "100"]
[EventDate "2006.04.12"]
[EventType "swiss"]
[EventCountry "GER"]

1. f4 d5 2. Nf3 g6 3. e3 Bg7 4. d4 Nf6 5. c4 e6 6. Nc3 O-O 7. Bd3 Nbd7 8. c5 c6
9. Bd2 b6 10. b4 a5 11. a3 Bb7 12. O-O Qc7 13. Qe2 axb4 14. axb4 Rfb8 15. Rfb1
Bc8 16. Nd1 Ne8 17. h4 Rxa1 18. cxb6 Qxb6 19. Rxa1 Ndf6 20. Nb2 Nd6 21. Na4 Qc7
22. Nc5 Nfe4 23. Be1 Nxc5 24. bxc5 Ne8 25. Ra3 Nf6 26. Qa2 Ng4 27. Bd2 f6 28.
Be2 e5 29. g3 Bf5 30. Ba5 Qe7 31. Nh2 Nxh2 32. Kxh2 exd4 33. exd4 Qe4 34. Qd2
Re8 35. Bf3 Qb1 36. Re3 Ra8 37. Re1 Qb5 38. Ra1 Qb3 39. Bd1 Qb7 40. Bc3 Rxa1
41. Bxa1 Qa6 42. Bc3 Qf1 43. Qe1 Qh3+ 44. Kg1 Be4 45. Kf2 g5 46. hxg5 fxg5 47.
Bf3 gxf4 48. Bxe4 Qxg3+ 49. Kf1 Qxe1+ 50. Kxe1 dxe4 0-1

[Event "HEM 2006 B"]
[Site "Marburg"]
[Date "2006.04.13"]
[Round "5.8"]
[White "Grass, Ernest"]
[Black "Eibelshäuser, Stefan"]
[Result "0-1"]
[WhiteElo "1637"]
[BlackElo "2062"]
[PlyCount "64"]
[EventDate "2006.04.12"]
[EventType "swiss"]
[EventCountry "GER"]

1. e4 e5 2. Nf3 Nf6 3. d4 Nxe4 4. dxe5 d5 5. exd6 Bxd6 6. Bd3 Nf6 7. O-O O-O 8.
Nc3 Bg4 9. Bg5 h6 10. Bh4 Nbd7 11. h3 Bh5 12. Ne4 Be7 13. Nxf6+ Bxf6 14. Bxf6
Qxf6 15. Be2 Rad8 16. c3 Ne5 17. Nd4 Bg6 18. Qa4 a6 19. f4 Nd7 20. f5 Bh7 21.
Qc2 Rfe8 22. Rae1 c5 23. Nb3 Re5 24. Bd3 b5 25. Nd2 c4 26. Be4 Nc5 27. Kh1 Rde8
28. Re3 Kh8 29. Rfe1 Bxf5 30. Rf3 Bxe4 31. Nxe4 Qg6 32. Rg3 Rxe4 0-1

[Event "HEM 2006 B"]
[Site "Marburg"]
[Date "2006.04.13"]
[Round "5.9"]
[White "Baumhackel, Mario"]
[Black "Krüger, Till"]
[Result "1/2-1/2"]
[WhiteElo "2176"]
[BlackElo "1851"]
[PlyCount "96"]
[EventDate "2006.04.12"]
[EventType "swiss"]
[EventCountry "GER"]

1. d4 g6 2. Nf3 Bg7 3. c3 Nf6 4. Bg5 h6 5. Bh4 g5 6. Bg3 d6 7. Nbd2 Bf5 8. Qb3
Qc8 9. e3 Nh5 10. Bc4 Bg6 11. O-O O-O 12. a4 Nd7 13. a5 Nxg3 14. hxg3 c5 15.
Rac1 e6 16. e4 Qc7 17. Qa2 b6 18. b4 Rfb8 19. Rfe1 b5 20. Bd3 a6 21. Qb1 c4 22.
Bc2 Nf6 23. Nh2 e5 24. d5 Qd7 25. Ndf1 Rf8 26. Ne3 Rad8 27. g4 Ne8 28. Nf5 Bxf5
29. gxf5 Bf6 30. g3 Kg7 31. Kg2 Rh8 32. Rh1 Nc7 33. Ng4 h5 34. Ne3 Rh7 35. Rh2
Rdh8 36. Rch1 Qe7 37. Qd1 h4 38. Ng4 Ne8 39. Qc1 Kf8 40. Qe3 Kg7 41. Qb6 Nc7
42. Bd1 Qd8 43. Rh3 Qe7 44. Bc2 Qd8 45. f3 Be7 46. Qe3 Bf6 47. Qb6 Be7 48. Qe3
Bf6 1/2-1/2

[Event "HEM 2006 B"]
[Site "Marburg"]
[Date "2006.04.13"]
[Round "5.10"]
[White "Henzner, Reiner"]
[Black "von Chamier, Ralf"]
[Result "1/2-1/2"]
[WhiteElo "2098"]
[BlackElo "1798"]
[PlyCount "60"]
[EventDate "2006.04.12"]
[EventType "swiss"]
[EventCountry "GER"]

1. e4 Nf6 2. e5 Nd5 3. Nc3 Nxc3 4. dxc3 d6 5. Bc4 e6 6. Nf3 Nc6 7. Qe2 dxe5 8.
Nxe5 Nxe5 9. Qxe5 Qd6 10. Qe4 Bd7 11. Bf4 Bc6 12. Bb5 O-O-O 13. Bxc6 Qxc6 14.
Qxc6 bxc6 15. Be3 a6 16. Ke2 Be7 17. Rad1 Rxd1 18. Rxd1 Rd8 19. Rxd8+ Kxd8 20.
Kd3 Kd7 21. Kc4 Kc8 22. g3 g6 23. b4 h5 24. Kb3 h4 25. c4 hxg3 26. hxg3 f5 27.
f3 Bd6 28. g4 Bg3 29. Ka4 e5 30. gxf5 gxf5 1/2-1/2

[Event "HEM 2006 B"]
[Site "Marburg"]
[Date "2006.04.13"]
[Round "5.11"]
[White "Böhme, Erich"]
[Black "Henninger, Sascha"]
[Result "0-1"]
[WhiteElo "2067"]
[BlackElo "1805"]
[PlyCount "66"]
[EventDate "2006.04.12"]
[EventType "swiss"]
[EventCountry "GER"]

1. c4 Nf6 2. Nc3 e6 3. e4 d5 4. e5 d4 5. exf6 dxc3 6. bxc3 Qxf6 7. d4 b6 8. Be2
Bb7 9. Nf3 Bd6 10. Bg5 Qf5 11. Qd2 h6 12. Be3 Nd7 13. h3 Nf6 14. Qb2 O-O 15. g4
Qa5 16. a4 Rfb8 17. Rc1 c5 18. Qb5 cxd4 19. Qxa5 bxa5 20. cxd4 Bb4+ 21. Kd1 Ne4
22. Rg1 Nc3+ 23. Rxc3 Bxc3 24. Kc2 Bb4 25. Ne5 Be4+ 26. Bd3 Bxd3+ 27. Kxd3 Rb7
28. c5 Rd8 29. Kc4 Rd5 30. g5 hxg5 31. h4 gxh4 32. Bg5 Bxc5 33. Bf6 Rb4+ 0-1

[Event "HEM 2006 B"]
[Site "Marburg"]
[Date "2006.04.13"]
[Round "5.12"]
[White "Goloborodko, Dmitro"]
[Black "Enders, Georg"]
[Result "1-0"]
[WhiteElo "2031"]
[BlackElo "1781"]
[PlyCount "84"]
[EventDate "2006.04.12"]
[EventType "swiss"]
[EventCountry "GER"]

1. d4 Nf6 2. Bg5 e6 3. Nf3 Be7 4. c4 h6 5. Bh4 b6 6. Nc3 Bb7 7. e3 d6 8. Bg3
Nbd7 9. Bd3 Nh5 10. O-O Ndf6 11. e4 Nxg3 12. hxg3 Qd7 13. d5 exd5 14. cxd5 O-O
15. Rc1 c6 16. dxc6 Bxc6 17. Nd4 Bb7 18. Nf5 g6 19. Ne3 Rfc8 20. Qb3 Kg7 21.
Rfd1 Rc5 22. Rd2 Nxe4 23. Bxe4 Bxe4 24. Rcd1 Bc6 25. Ned5 Rd8 26. Qb4 Bg5 27.
Qd4+ Kg8 28. f4 Be7 29. b4 Rxc3 30. Qxc3 Bxd5 31. Rxd5 Rc8 32. Qe3 Rc4 33. a3
Qc7 34. f5 Bg5 35. Qe8+ Kg7 36. fxg6 Bf6 37. Rxd6 Bd4+ 38. R1xd4 Rxd4 39. Rxd4
Qc1+ 40. Kh2 Qf1 41. Qxf7+ Qxf7 42. gxf7 Kxf7 1-0

[Event "HEM 2006 B"]
[Site "Marburg"]
[Date "2006.04.13"]
[Round "5.13"]
[White "Diez, Gerhard"]
[Black "Siegismund, Bernd"]
[Result "1-0"]
[WhiteElo "2014"]
[BlackElo "1749"]
[PlyCount "103"]
[EventDate "2006.04.12"]
[EventType "swiss"]
[EventCountry "GER"]

1. e4 c5 2. Nf3 Nc6 3. d4 cxd4 4. Nxd4 e5 5. Nb5 a6 6. Nd6+ Bxd6 7. Qxd6 Qf6 8.
Qd1 Qg6 9. Nc3 Nge7 10. Be3 d5 11. Nxd5 Nxd5 12. Qxd5 Be6 13. Qd2 Qxe4 14. f3
Qd5 15. Qxd5 Bxd5 16. O-O-O O-O-O 17. Bb6 Rd7 18. a4 Re8 19. Bd3 g6 20. Rhe1 f5
21. c4 Bf7 22. b3 Re6 23. Bc5 b6 24. Bf2 Red6 25. Bc2 Rxd1+ 26. Rxd1 Rxd1+ 27.
Kxd1 Kc7 28. Kd2 Nb4 29. Bb1 a5 30. g4 Be6 31. g5 Bd7 32. Ke3 Nc6 33. Kd3 Nb4+
34. Ke2 Kc6 35. Be1 Kc5 36. Kd2 Nc6 37. Kc3 Nb4 38. h4 Bc8 39. Bf2+ Kc6 40. Be3
Na6 41. Bd3 Nc5 42. Be2 f4 43. Bxc5 Kxc5 44. Bd3 Bb7 45. h5 Bxf3 46. Bxg6 Kd6
47. h6 Ke7 48. Bxh7 Bg2 49. Kd2 Bh3 50. Be4 Kf8 51. g6 Be6 52. Bd5 1-0

[Event "HEM 2006 B"]
[Site "Marburg"]
[Date "2006.04.13"]
[Round "5.14"]
[White "Hierling, Stefan"]
[Black "Werner, Alexander"]
[Result "1-0"]
[WhiteElo "1896"]
[BlackElo "1731"]
[PlyCount "83"]
[EventDate "2006.04.12"]
[EventType "swiss"]
[EventCountry "GER"]

1. e4 d6 2. d4 g6 3. Nf3 Bg7 4. h3 Nf6 5. Nc3 O-O 6. Be3 c6 7. Bd3 Qc7 8. O-O
b5 9. Ne2 Nbd7 10. Qd2 a6 11. Ng3 h5 12. Bh6 Nh7 13. Bxg7 Kxg7 14. Qc3 f6 15.
a4 Rb8 16. axb5 axb5 17. b4 c5 18. dxc5 dxc5 19. Nd4 Qe5 20. bxc5 Nxc5 21. f4
b4 22. Qc4 Qd6 23. Ra5 Rd8 24. Ndf5+ gxf5 25. Rxc5 Qb6 26. Kh2 Be6 27. Nxf5+
Kh8 28. Qb5 b3 29. Qxb6 Rxb6 30. Rb1 b2 31. Bb5 Bxf5 32. exf5 Rd4 33. Rxb2 Rxf4
34. Kg3 Rd4 35. h4 Rb8 36. Kh3 Rd1 37. Kh2 Rd2 38. Rb3 Rd4 39. Kh3 Ra8 40. Re3
e5 41. fxe6 Ra1 42. Rxh5 1-0

[Event "HEM 2006 B"]
[Site "Marburg"]
[Date "2006.04.13"]
[Round "5.15"]
[White "Hahn, Werner"]
[Black "Ottinger, Rüdiger"]
[Result "1-0"]
[WhiteElo "2147"]
[BlackElo "1733"]
[PlyCount "63"]
[EventDate "2006.04.12"]
[EventType "swiss"]
[EventCountry "GER"]

1. d4 d5 2. c4 e6 3. Nf3 Nf6 4. Nc3 Be7 5. Bf4 c6 6. e3 O-O 7. Qc2 Bd6 8. Ne5
b6 9. cxd5 exd5 10. Bd3 Be6 11. O-O h6 12. Rfc1 Bxe5 13. Bxe5 Ng4 14. Bg3 h5
15. h3 Nh6 16. Ne2 Bd7 17. e4 dxe4 18. Bxe4 f5 19. Bf3 h4 20. Qb3+ Kh8 21. Bd6
Re8 22. Nf4 Qg5 23. Bh5 Re4 24. Ng6+ Kh7 25. Nf8+ Kh8 26. Bf3 Rxd4 27. Be5 Re4
28. Bxe4 fxe4 29. Bxb8 Rxb8 30. Nxd7 Rd8 31. Qe6 Nf5 32. Ne5 1-0

[Event "HEM 2006 B"]
[Site "Marburg"]
[Date "2006.04.13"]
[Round "5.16"]
[White "Schneider, Udo"]
[Black "Kuhn, Gerhard"]
[Result "0-1"]
[WhiteElo "1679"]
[BlackElo "2085"]
[PlyCount "76"]
[EventDate "2006.04.12"]
[EventType "swiss"]
[EventCountry "GER"]

1. d4 Nf6 2. c4 g6 3. Nc3 d5 4. cxd5 Nxd5 5. e4 Nxc3 6. bxc3 c5 7. Bc4 Bg7 8.
Ne2 cxd4 9. Nxd4 O-O 10. O-O Qa5 11. Qb3 Nd7 12. f4 Nc5 13. Qc2 Nxe4 14. Bb2
Nd6 15. Bb3 Nf5 16. Rae1 Nxd4 17. cxd4 e6 18. f5 exf5 19. Re7 Bf6 20. Rc7 Bg5
21. Bxf7+ Rxf7 22. Rxc8+ Rxc8 23. Qxc8+ Kg7 24. d5+ Kh6 25. Qe6 Re7 26. Qd6 Qc7
27. Qa3 Be3+ 28. Kh1 Qc4 29. Re1 Re4 30. Qf8+ Kh5 31. Qf7 h6 32. Qxb7 Bd2 33.
Rg1 Be3 34. Rd1 Qe2 35. Rb1 Bc1 36. h3 Qf1+ 37. Kh2 Bf4+ 38. g3 Re2# 0-1

[Event "HEM 2006 B"]
[Site "Marburg"]
[Date "2006.04.13"]
[Round "5.17"]
[White "Ewin, Hans-Peter"]
[Black "Keim, Alexander"]
[Result "1-0"]
[WhiteElo "1976"]
[BlackElo "1682"]
[PlyCount "27"]
[EventDate "2006.04.12"]
[EventType "swiss"]
[EventCountry "GER"]

1. e4 e6 2. d4 d5 3. Nc3 Nf6 4. Bg5 Be7 5. e5 Nfd7 6. h4 c5 7. Qg4 f6 8. Bd2
cxd4 9. Qxg7 dxc3 10. Qxh8+ Nf8 11. Bxc3 d4 12. O-O-O fxe5 13. Qxe5 Nc6 14.
Qh5+ 1-0

[Event "HEM 2006 B"]
[Site "Marburg"]
[Date "2006.04.13"]
[Round "5.18"]
[White "Pichl, Uwe"]
[Black "Schreiber, Torsten"]
[Result "1-0"]
[WhiteElo "1677"]
[BlackElo "1968"]
[PlyCount "120"]
[EventDate "2006.04.12"]
[EventType "swiss"]
[EventCountry "GER"]

1. d4 Nf6 2. Nf3 d6 3. g3 Nbd7 4. Bg2 g6 5. O-O Bg7 6. Re1 O-O 7. e4 e5 8. c3
b6 9. Bg5 Bb7 10. Qd2 Qe8 11. d5 Nc5 12. Bxf6 Bxf6 13. b4 Nd7 14. c4 a5 15. Nc3
axb4 16. Nb5 Qd8 17. Qxb4 Nc5 18. Qb1 Ra4 19. Qc2 Ba6 20. Nd2 Bxb5 21. cxb5 Qd7
22. Bf1 Rfa8 23. Nb3 h5 24. Nxc5 dxc5 25. Re3 h4 26. Bc4 Bg5 27. Rf3 Qg4 28.
Rc3 Ra3 29. Rxa3 Rxa3 30. Be2 Qd7 31. Qb2 Ra4 32. Qxe5 Bh6 33. Rf1 Rxa2 34. Bc4
Ra4 35. Qc3 Qg4 36. Qb3 Rb4 37. Qd3 Bg7 38. Rb1 Ra4 39. Qc2 Ra3 40. Be2 Qg5 41.
Qc1 Qxc1+ 42. Rxc1 Ra2 43. Kf1 hxg3 44. hxg3 g5 45. Rd1 Bd4 46. f4 f6 47. d6
Ra8 48. d7 gxf4 49. gxf4 Kf7 50. Bg4 Ke7 51. Ke2 Ra2+ 52. Kd3 Ra8 53. Rh1 Kd6
54. Rh6 Ra7 55. Kc2 Ra8 56. e5+ Bxe5 57. fxe5+ Kxe5 58. Rh1 Kd6 59. Rd1+ Ke7
60. Re1+ Kf8 1-0

[Event "HEM 2006 B"]
[Site "Marburg"]
[Date "2006.04.13"]
[Round "5.19"]
[White "Förster, Rudi"]
[Black "Bauch, Frank"]
[Result "1-0"]
[WhiteElo "1967"]
[BlackElo "1682"]
[PlyCount "57"]
[EventDate "2006.04.12"]
[EventType "swiss"]
[EventCountry "GER"]

1. e4 c5 2. c3 Nf6 3. e5 Nd5 4. d4 d6 5. f4 e6 6. c4 Nc7 7. dxc5 dxe5 8. Qxd8+
Kxd8 9. Nf3 exf4 10. Ne5 Ke8 11. Bxf4 Nba6 12. Nd3 f6 13. Bd6 e5 14. Nc3 Bf5
15. Nb5 e4 16. Nxc7+ Nxc7 17. Nf4 Rc8 18. b4 g5 19. Nh5 Kf7 20. Be2 Bg6 21. O-O
f5 22. Bg4 Ke6 23. Rad1 Bxd6 24. Ng7+ Ke5 25. cxd6 fxg4 26. dxc7 e3 27. Rd5+
Ke4 28. Ne6 h6 29. Nc5# 1-0

[Event "HEM 2006 B"]
[Site "Marburg"]
[Date "2006.04.13"]
[Round "5.20"]
[White "Breitwieser, Peter"]
[Black "Feigl, Gerold"]
[Result "1-0"]
[WhiteElo "1898"]
[BlackElo "1514"]
[PlyCount "83"]
[EventDate "2006.04.12"]
[EventType "swiss"]
[EventCountry "GER"]

1. b3 e5 2. Bb2 Nc6 3. Nf3 e4 4. Nd4 Nxd4 5. Bxd4 c5 6. Bb2 d5 7. e3 a6 8. d4
Nf6 9. Be2 b5 10. O-O c4 11. a4 Bd7 12. f3 Be7 13. Nd2 Bc6 14. axb5 axb5 15.
fxe4 cxb3 16. e5 Ne4 17. Nxe4 Rxa1 18. Bxa1 bxc2 19. Qxc2 Qb6 20. Nd6+ Bxd6 21.
exd6 O-O 22. Qc5 Qb7 23. Bb2 Re8 24. Rc1 Bd7 25. Bf3 Be6 26. Qc7 Qa8 27. Ra1
Qc8 28. Ra7 Qxc7 29. dxc7 f5 30. Rb7 g6 31. Rb8 Bc8 32. Bxd5+ Kg7 33. Bb7 Rxe3
34. Rxc8 Rb3 35. Rg8+ Kh6 36. Bc1+ Kh5 37. Bf3+ Kh4 38. g3+ Kh3 39. Bg2+ Kg4
40. c8=Q Rd3 41. Qc2 Rxd4 42. Qe2# 1-0

[Event "HEM 2006 B"]
[Site "Marburg"]
[Date "2006.04.13"]
[Round "5.22"]
[White "Bender, Manfred"]
[Black "Martens, Nick"]
[Result "1-0"]
[WhiteElo "1816"]
[BlackElo "1393"]
[PlyCount "85"]
[EventDate "2006.04.12"]
[EventType "swiss"]
[EventCountry "GER"]

1. d4 d5 2. c4 dxc4 3. Nc3 c6 4. a4 Nf6 5. e3 Bf5 6. Bxc4 e6 7. Nf3 Bb4 8. Bd2
Nbd7 9. O-O O-O 10. Re1 Bxc3 11. Bxc3 a5 12. Rc1 Nb6 13. b3 Ne4 14. Bb2 Bg4 15.
Be2 Qc7 16. Ne5 Bxe2 17. Qxe2 Rfd8 18. Qc2 Nf6 19. e4 Nfd7 20. Nf3 Qf4 21. Rcd1
Nf6 22. Bc1 Qc7 23. Bg5 Re8 24. Bxf6 gxf6 25. e5 Nd5 26. exf6 Qf4 27. Re5 Qxf6
28. Rh5 Qg6 29. Rg5 Kg7 30. Rxg6+ hxg6 31. Qc5 Rh8 32. Qd6 Rae8 33. Re1 Rh5 34.
Re5 Rxe5 35. dxe5 Kh6 36. g4 Kg7 37. Qc5 Ra8 38. h4 Kh6 39. Kh2 Kg7 40. Kg3 f5
41. exf6+ Kxf6 42. Qd4+ Kf7 43. Ng5+ 1-0

[Event "HEM 2006 B"]
[Site "Marburg"]
[Date "2006.04.13"]
[Round "5.23"]
[White "Reitmeier, Markus"]
[Black "Sander, Rudi"]
[Result "1-0"]
[WhiteElo "1786"]
[BlackElo "1345"]
[PlyCount "69"]
[EventDate "2006.04.12"]
[EventType "swiss"]
[EventCountry "GER"]

1. d4 d5 2. Nf3 Nf6 3. g3 e6 4. Bg2 Nc6 5. a3 h6 6. Nbd2 Bd6 7. c4 b6 8. b4 a6
9. Bb2 Bb7 10. O-O O-O 11. Qc2 Be7 12. Rac1 Rc8 13. c5 b5 14. Rfe1 Ra8 15. e4
a5 16. Bc3 axb4 17. axb4 Ra4 18. Rb1 Re8 19. Bf1 Ba6 20. Ra1 Rxa1 21. Rxa1 Qc8
22. e5 Nh7 23. Qa2 Nb8 24. c6 Rf8 25. Qa5 Nxc6 26. Qxa6 Qxa6 27. Rxa6 Nxb4 28.
Ra7 Rc8 29. Bxb5 Kf8 30. Bd7 Rb8 31. Rxc7 Ng5 32. Nxg5 Bxg5 33. Rc8+ Rxc8 34.
Bxb4+ Kg8 35. Bxc8 1-0

[Event "HEM 2006 B"]
[Site "Marburg"]
[Date "2006.04.13"]
[Round "5.24"]
[White "Saßmannshausen, Mark"]
[Black "Riedl, Janis"]
[Result "1-0"]
[WhiteElo "1785"]
[BlackElo "1250"]
[PlyCount "65"]
[EventDate "2006.04.12"]
[EventType "swiss"]
[EventCountry "GER"]

1. e4 c6 2. Nf3 d5 3. e5 g6 4. d4 h5 5. Bd3 Nh6 6. Nh4 Nf5 7. Nxf5 Bxf5 8. Bxf5
gxf5 9. Bg5 Qb6 10. b3 Nd7 11. O-O e6 12. a4 Be7 13. f4 a6 14. a5 Qd8 15. Bxe7
Qxe7 16. c4 O-O-O 17. cxd5 exd5 18. Qd3 Qe6 19. Nc3 f6 20. Ra2 Rh7 21. b4 fxe5
22. fxe5 Rf8 23. Raf2 Rhf7 24. Ne2 Nxe5 25. dxe5 Qxe5 26. Nf4 Qe4 27. Qc3 d4
28. Qh3 Rd8 29. Nd3 Qe3 30. Qxh5 Qxd3 31. Qxf7 Qc3 32. Qxf5+ Kb8 33. Qe5+ 1-0

[Event "HEM 2006 B"]
[Site "Marburg"]
[Date "2006.04.13"]
[Round "5.25"]
[White "Parr, Daniel"]
[Black "Libuda, Thomas"]
[Result "0-1"]
[WhiteElo "1277"]
[BlackElo "2026"]
[PlyCount "83"]
[EventDate "2006.04.12"]
[EventType "swiss"]
[EventCountry "GER"]

1. e4 g6 2. d4 Bg7 3. f4 d6 4. Nf3 c5 5. c3 Nf6 6. Bd3 cxd4 7. Nxd4 Nc6 8. Nf3
Qb6 9. h3 O-O 10. Qe2 Nh5 11. Qf2 Qxf2+ 12. Kxf2 Bh6 13. f5 Bxc1 14. Rxc1 Nf4
15. Bc4 gxf5 16. exf5 Bxf5 17. Rd1 h6 18. Na3 Be4 19. Rd2 Rad8 20. Nh4 a6 21.
Ke3 Ng6 22. Nxg6 Bxg6 23. g4 e6 24. Rg1 d5 25. Bb3 b5 26. h4 Ne5 27. h5 Be4 28.
Rg3 Kh7 29. Bc2 Bxc2 30. Nxc2 Nc4+ 31. Kd3 Nxd2 32. Kxd2 Rg8 33. Ke3 f5 34. Kf4
Rdf8 35. Ke5 Rxg4 36. Rf3 Re4+ 37. Kd6 f4 38. Nd4 Re3 39. Nxe6 Rf6 40. Rxe3
fxe3 41. Kxd5 Rxe6 42. Kxe6 0-1

[Event "HEM 2006 B"]
[Site "Marburg"]
[Date "2006.04.13"]
[Round "5.26"]
[White "Kitzler, Manfred"]
[Black "Feigl, Markus"]
[Result "0-1"]
[WhiteElo "1459"]
[BlackElo "1761"]
[PlyCount "44"]
[EventDate "2006.04.12"]
[EventType "swiss"]
[EventCountry "GER"]

1. c4 g6 2. Nc3 Bg7 3. Nf3 d6 4. e3 c5 5. d4 b6 6. dxc5 bxc5 7. Qd5 Bxc3+ 8.
bxc3 Nf6 9. Qxa8 Qc7 10. Rb1 Nc6 11. Rb7 Qxb7 12. Qxb7 Bxb7 13. Be2 Ba6 14. O-O
Na5 15. Nd2 Nd7 16. Re1 Nb6 17. g3 O-O 18. h4 Na4 19. Nb1 Rb8 20. Na3 Nxc3 21.
Bd2 Nxe2+ 22. Rxe2 Rb2 0-1

[Event "HEM 2006 B"]
[Site "Marburg"]
[Date "2006.04.13"]
[Round "5.27"]
[White "Krischak, Werner"]
[Black "Kohlmeyer, Klaus"]
[Result "1-0"]
[WhiteElo "1721"]
[BlackElo "1631"]
[PlyCount "51"]
[EventDate "2006.04.12"]
[EventType "swiss"]
[EventCountry "GER"]

1. d4 Nf6 2. c4 e6 3. Nf3 d5 4. Nc3 Be7 5. cxd5 exd5 6. Bg5 h6 7. Bh4 O-O 8. e3
c6 9. Qc2 Nbd7 10. Bd3 Re8 11. O-O Qc7 12. Rfe1 Bd6 13. e4 dxe4 14. Nxe4 Nd5
15. Nxd6 Rxe1+ 16. Rxe1 Qxd6 17. Re8+ Nf8 18. Bh7+ Kh8 19. Ne5 Bf5 20. Qxf5 Qg6
21. Bxg6 Rxe8 22. Nxf7+ Kg8 23. Nxh6+ gxh6 24. Qf7+ Kh8 25. Qxe8 h5 26. Qxf8#
1-0

[Event "HEM 2006 B"]
[Site "Marburg"]
[Date "2006.04.13"]
[Round "5.28"]
[White "Struth, Jürgen"]
[Black "Höllwarth, Kai"]
[Result "0-1"]
[WhiteElo "1642"]
[BlackElo "1623"]
[PlyCount "116"]
[EventDate "2006.04.12"]
[EventType "swiss"]
[EventCountry "GER"]

1. e4 d5 2. exd5 Qxd5 3. Nc3 Qa5 4. d4 Nf6 5. Bd2 c6 6. Nf3 Bg4 7. Be2 Qd8 8.
h3 Bxf3 9. Bxf3 Qxd4 10. O-O e6 11. Qe2 Qb6 12. b3 Be7 13. Rad1 Nbd7 14. Be3
Qc7 15. Ne4 Nxe4 16. Bxe4 Nf6 17. Bd3 O-O 18. c4 Rfd8 19. Bd2 Rd7 20. Bc3 Rad8
21. Rd2 Ne8 22. Qe4 g6 23. Rfd1 Bf6 24. Bxf6 Nxf6 25. Qf3 Nh5 26. g3 Rd4 27.
Qe3 Qd6 28. Kf1 e5 29. Ke1 Qb4 30. Ke2 Qd6 31. Bc2 f5 32. Rxd4 exd4 33. Qd2 c5
34. Bd3 Nf6 35. Kf1 Re8 36. Re1 Rxe1+ 37. Qxe1 b6 38. Qe2 Kf7 39. Qf3 h5 40.
Qb7+ Qd7 41. Qf3 Qe7 42. Qc6 Ne4 43. Qd5+ Kf6 44. Kg2 Kg7 45. g4 hxg4 46. hxg4
Nf6 47. Qf3 Nxg4 48. Qd5 Ne5 49. Be2 d3 50. Bxd3 Nxd3 51. Qxd3 Qe4+ 52. Qf3 Kf6
53. Qxe4 fxe4 54. Kg3 g5 55. Kg4 a5 56. a3 Kg6 57. Kg3 Kf5 58. a4 g4 0-1